000 00727cam a22002533a 4500
001 19963
003 PGUSA
005 20140828083425.0
008 061129s2006||||xxu|||||s|||||000 1 eng d
040 _aPGUSA
_beng
042 _adc
050 4 _aPS
100 1 _aSmith, George O.
_q(George Oliver),
_d1911-1981
245 1 0 _aStop Look and Dig
_h[electronic resource] /
_cGeorge O. Smith
260 _bProject Gutenberg,
_c2006
506 _aPublic domain in the USA.
516 _aElectronic text
653 _aExtrasensory perception -- Fiction
653 _aTelepathy -- Fiction
653 _aScience fiction
830 0 _aProject Gutenberg
_v19963
856 4 0 _uhttp://www.gutenberg.org/ebooks/19963
942 _cEB
999 _c249218
_d249218